Представление документа в формате RUSMARC

ПолеНазваниеЗначение
  Тип записи a
  Библиографический уровень m
001 Контрольный номер 0228978
005 Дата корректировки 20140929111722.8
010 Индекс ISBN __
a ISBN 978-5-9916153-3-4
100 Данные общей обработки __
a Данные общей обработки 20140429d2012 |||y0rusy50 ca
101 Язык документа 0_
a Язык текста rus
a Язык текста rus
102 Страна публикации __
a Страна публикации RU
105 Кодированные данные (монография) __
a Кодированные данные (монография) y a 000ay
200 Заглавие и сведения об ответственности 1_
a Заглавие Финансовый менеджмент. Проблемы и решения
e Сведения, относящиеся к заглавию учебник для магистров
f Первые сведения об ответственности ред. А. З. Бобылева
b Общее обозначение материала Книга
210 Выходные данные 1_
a Место издания М.
c Издательство ЮРАЙТ
d Дата издания 2012
215 Физическое описание __
a Объем 903 с.
225 Серия 1_
a Серия Магистр
300 Общие примечания __
a Общие примечания к/х-96176
610 Ключевые слова 0_
a Ключевые слова финансовый анализ
610 Ключевые слова 0_
a Ключевые слова факторный анализ
610 Ключевые слова 0_
a Ключевые слова финансовое планирование
610 Ключевые слова 0_
a Ключевые слова управленческий контроль
610 Ключевые слова 0_
a Ключевые слова оборотные активы
610 Ключевые слова 0_
a Ключевые слова инвестиционные проекты
610 Ключевые слова 0_
a Ключевые слова управление рисками
610 Ключевые слова 0_
a Ключевые слова Менеджмент (направление)
610 Ключевые слова 0_
a Ключевые слова М2 : Финансовый менеджмент
686 Индексы других классификаций __
a Классификационный индекс У290-933
702 Вторичная интеллектуальная ответственность _1
a Фамилия Бобылева
b Имя А. З.
4 Код отношения 340
e Роль лиц Редактор
801 Источник записи _0
a Страна RU
b Организация Библиотека
c Дата составления 20140429
g Правила каталогизации rusmarc
852 Данные о местонахождении __
j Шифр хранения У290
i Авторский знак Ф59
899 Данные о местонахождении __
a Местонахождение Библиотека
e Формат ХР_Чебоксарский филиал
i Авторский знак У290 Ф59
m Суффикс шифра хранения 0328123
x Инвентарный номер 096176
901 Тип документа __
t Тип документа m
938 Служебная информация __
a Название организации Чебоксарский филиал
b Имя БД Каталог Чебоксары
c Название АИБС АБИС Liber
952 Тип литературы __
b Гриф литературы для ВШ гриф УМО
c Вид литературы учебник